| 000 | 00684nam a2200265 a 4500 | ||
|---|---|---|---|
| 999 |
_c8876 _d8876 |
||
| 001 | 8876 | ||
| 003 | BD - JhCC | ||
| 005 | 20180305115257.0 | ||
| 008 | 500101s1991 enk 000 0 eng d | ||
| 020 | _a0582075181 | ||
| 035 | _a(BD - JhCC)8876 | ||
| 040 |
_aBD-JhCC _dBD-JhCC |
||
| 041 | _aeng | ||
| 082 |
_a423 _219 _bBES 1991 |
||
| 100 | 1 | _aBest, Wilfred D. | |
| 245 | 1 | 4 |
_aThe Students' companion / _cWilfred D. Best |
| 250 | _aCaribbean ed. new ed | ||
| 260 |
_aHarlow : _bLongman Caribbean, _c1991 |
||
| 300 |
_a220 p ; _c20 cm |
||
| 500 | _aPrevious ed.: 1988 | ||
| 650 | 0 | _aReference books | |
| 650 | 0 |
_aEnglish language _xUsage |
|
| 942 |
_2ddc _cBK |
||